ბათუმის შოთა რუსთაველის სახელმწიფო უნივერსიტეტის ბიბლიოთეკა

სსრ კავშირის ეკონომიკური გეოგრაფია : (ბიბ.ჩანაწერი № 63759)

000 -ლიდერი
ფიქსირებული სიგრძის საკონტროლო ველი 01134nam a22002177a 4500
003 - საკონტროლო ნომრის იდენტიფიკატორი
საკონტროლო ველი Ge_BSU
005 - ბოლო ოპერაციის თარიღი და დრო
საკონტროლო ველი 20260109142304.0
008 - ფიქსირებული სიგრძის მონაცემთა ელემენტები - ზოგადი ინფორმაცია
ფიქსირებული სიგრძის საკონტროლო ველი 260109s1987 ge ||||| |||| 00| 0 geo d
041 ## - ენის კოდი
Language code of text/sound track or separate title geo
080 ## - უნივერსალური ათობითი კლასიფიკაციის ინდექსი
Universal Decimal Classification number 911.3:33(47+57)(075.3) ს-13
100 ## - მთავარი ჩანაწერი - პიროვნების სახელი
Personal name სტროევი, კ. ფ.
9 (RLIN) 26632
245 ## - ცნობა სათაურის შესახებ
Title სსრ კავშირის ეკონომიკური გეოგრაფია :
Remainder of title საშ. სკოლის მე-8 კლასის სახელმძღვ. /
Statement of responsibility, etc კ.ფ. სტროევი, მ.კ. კოვალევსკაია, ვ.ი. რომი.
250 ## - გამოცემის ცნობა
Edition statement მე-8 გადამუშ. გამოცემა
264 ## - წარმოების, გამოცემის, დისტრიბუციის და სხვა ცნობები
გამოცემის, წარმოების, დისტრიბუციის... ადგილი თბ. :
გამოცემის, წარმოების, დისტრიბუციის... სახელწოდება განათლება,
გამოცემის, წარმოების, დისტრიბუციის... თარიღი 1987.
300 ## - ფიზიკური აღწერა
Extent 299 გვ. ;
Other physical details 22 სმ.
500 ## - ზოგადი შენიშვნა
General note დანართი: რუკები.
653 ## - INDEX TERM--UNCONTROLLED
Uncontrolled term სსრ კავშირის ეკონომიკური გეოგრაფია
700 ## - ADDED ENTRY--PERSONAL NAME
Personal name კოვალევსკაია, მ.კ.,
Relator term ავტორი
9 (RLIN) 26282
700 ## - ADDED ENTRY--PERSONAL NAME
Personal name რომი, ვ.ი.
Relator term ავტორი
9 (RLIN) 26283
942 ## - ADDED ENTRY ELEMENTS (KOHA)
Source of classification or shelving scheme
Koha item type წიგნი
ეგზემპლარები
ჩამოწერის სტატუსი დაკარგული ეგზემპლარის სტატუსი კლასიფიკაციის წყარო ან თაროზე გაწყობის სქემა დაზიანების სტატუსი არ გაიცემა მუდმივი მდებარეობა (დაცვის ადგილი) ამჟამინდელი ადგილსამყოფელი თაროზე განთავსების ადგილი შეძენის თარიღი ღირებულება, შესყიდვის ნორმალური ფასი სრული შენახვის შიფრი შტრიხკოდი ბოლო ოპერაციის თარიღი ეგზემპლარის მიმდევრობითი ნომერი (კეტერი?) ფასის ძალაში შესვლის თარიღი ეგზემპლარის სახეობა საჯარო შენიშვნა
          ბათუმის შოთა რუსთაველის სახელმწიფო უნივერსიტეტის მთავარი ბიბლიოთეკა ბათუმის შოთა რუსთაველის სახელმწიფო უნივერსიტეტის მთავარი ბიბლიოთეკა წიგნსაცავი 2026-01-09 1.30 911.3:33(47+57)(075.3) ს-88 73405 2026-01-09 73405 2026-01-09 წიგნი 1 ლ. 30 თ.
          ბათუმის შოთა რუსთაველის სახელმწიფო უნივერსიტეტის მთავარი ბიბლიოთეკა ბათუმის შოთა რუსთაველის სახელმწიფო უნივერსიტეტის მთავარი ბიბლიოთეკა წიგნსაცავი 2026-01-09 1.00 911.3:33(47+57)(075.3) ს-13 73448 2026-01-09 73448 2026-01-09 წიგნი 1ლ.30თ.